000 00656nam a2200181 i 4500
001 121485
003 ES-MaACL
005 20250902001711.0
007 t|
008 070214s1931 fr r ||||1| fre d
245 0 3 _aLe plan de la Ville de Paris
_b: avec l'indication des sous etablissements : offert gracieusement aux visiters de l'Exposition Coniale.
260 _a[S. l.] :
_bSocieté des Autos Relais,
_c1931 (
_eLevallois :
_fSocieté Industrielle d''Imprimerie)
300 _a[80 p.] :
_bil. ;
_c28 cm.
650 7 _aComercios-
_zParís
_2
_9159149
651 4 _aParis-
_vPlanos.
_9159148
852 _aES-MaACL
_j1755-F-1
999 _c121485
_d121485